Normal view
MARC view
Entry Topical Term
001 - CONTROL NUMBER
- control field: 89
003 - CONTROL NUMBER IDENTIFIER
- control field: BD-RjUL
005 - DATE AND TIME OF LATEST TRANSACTION
- control field: 20211209172715.0
008 - FIXED-LENGTH DATA ELEMENTS
- fixed length control field: 211209|| aca||aabn | a|a d
040 ## - CATALOGING SOURCE
- Original cataloging agency: BD-RjUL
- Transcribing agency: BD-RjUL
150 ## - HEADING--TOPICAL TERM
- Topical term or geographic name entry element: চাকমা জাতি
- Geographic subdivision: বাংলাদেশ
- General subdivision: ইতিহাস
670 ## - SOURCE DATA FOUND
- Source citation: Work cat.: (BD-RjUL)10710: দেওয়ান, বিরাজ মোহন 88, চাকমা জাতির ইতিবৃত্ত /, ১৯৬৯